Statistics for Top Five Importing Partners by Country

Click here to take the quiz!

General Stats

  • This quiz has been taken 23,642 times
    (12,263 since last reset)
  • The average score is 18 of 22

Answer Stats

Country % Correct
China
99%
Mexico
97%
France
97%
Japan
96%
Canada
96%
Australia
95%
India
94%
Germany
93%
Sweden
93%
South Korea
92%
Italy
88%
United States
85%
Denmark
83%
Saudi Arabia
81%
South Africa
79%
Turkey
77%
Netherlands
73%
Taiwan
68%
Belgium
63%
United Arab Emirates
56%
Belarus
36%
Zambia
27%

Score Distribution

Percentile by Number Answered

Percent of People with Each Score

Your Score History

You have not taken this quiz since the last reset